| 000 | 00640nam a2200229Ia 4500 | ||
|---|---|---|---|
| 003 | OSt | ||
| 005 | 20230607145202.0 | ||
| 008 | 210423s2012 xx 000 0 und d | ||
| 020 | _a9780857256294 | ||
| 040 | _cAL | ||
| 041 | _aeng | ||
| 082 | _a361.06 RIGU | ||
| 100 |
_aRIGGALL (Sally) _9121613 |
||
| 245 | _aUsing counselling skills in social work | ||
| 260 |
_aNew Delhi _bSage Publications _c2012 |
||
| 300 |
_axvi,176 _bPB |
||
| 365 | _cINR | ||
| 650 |
_aSocial Problems & Services _9121614 |
||
| 650 |
_aSocial Problems & Social Welfare _9121615 |
||
| 906 | _acounselling ; skills ; social ; Using ; work | ||
| 942 |
_2ddc _cBK |
||
| 999 |
_c176210 _d176210 |
||